000 00709nab a2200229u 4500
001 08089
003 HDC
007 c| |||a|c|aaaa
008 210129b20170123my ||||| |||| 00| 0 eng d
040 _aHDC
245 0 _aEnsure beauty is a safe business
336 _atext
_2rdacontent
337 _acomputer
_2rdamedia
338 _aonline resource
_2rdacarrier
650 _aCosmetics
_924
650 _aProducts' certification
_98605
710 _aNew Straits Times
856 _zRequest full-text at [email protected]
942 _2lcc
942 _cNEWS
942 _kNWSC 001477
999 _c5412
_d5412